书目信息 |
| 题名: |
优秀语文教师上课实录
|
|
| 作者: | 瞿葆奎 整理选编 | |
| 分册: | 上册 | |
| 出版信息: | 北京 人民教育出版社 1980 |
|
| 页数: | 376页 | |
| 开本: | 19cm | |
| 丛书名: | ||
| 单 册: | ||
| 中图分类: | G424.1 | |
| 科图分类: | ||
| 主题词: | 教学理论 , 教案(教育)-语文--中学 , 语文-教案(教育)--中学 | |
| 电子资源: | ||
| ISBN: | ||
| 000 | 00743nam0 2200253 45 | |
| 001 | 0180001172 | |
| 005 | 20070729142638.43 | |
| 010 | @dCNY0.80 | |
| 091 | @a7012.0107 | |
| 100 | @a19950703d1980 em y0chiy0121 ea | |
| 101 | 0 | @achi |
| 102 | @aCN@b110000 | |
| 105 | @ay z 000yy | |
| 200 | 10 | @a优秀语文教师上课实录@Ayou xiu yu wen jiao shi shang ke shi lu@h上册@f瞿葆奎等整理选编@Fqu bao kui deng zheng li xuan bian |
| 210 | @a北京@c人民教育出版社@d1980 | |
| 215 | @a376页@d19cm | |
| 606 | 0 | @a教学理论 |
| 606 | @a教案(教育)-语文@x中学 | |
| 606 | @a语文-教案(教育)@x中学 | |
| 690 | @aG424.1@v3 | |
| 701 | 0 | @a瞿葆奎@Aqu bao kui@4整理选编 |
| 801 | 0 | @aCN@b上海图书馆@c20070729 |
| 801 | 2 | @aCN@bNLC@c20060817 |
| 905 | @dG424.1@e1:1 | |
| 优秀语文教师上课实录.上册/瞿葆奎等整理选编.-北京:人民教育出版社,1980 |
| 376页;19cm |
| ISBN :CNY0.80 |
| ● |
| 相关链接 |
|
|
|
|
正题名:优秀语文教师上课实录
索取号:G424.1/1:1
 
预约/预借
| 序号 | 登录号 | 条形码 | 馆藏地/架位号 | 状态 | 备注 |
| 1 | 0031736 | 001584271 | 密集书库/ [索取号:G424.1/1:1] | 在馆 | |
| 2 | 0031737 | 000783236 | 密集书库/ [索取号:G424.1/1:1] | 在馆 | |
| 3 | 0062674 | 202198415 | 密集书库/ [索取号:G424.1/1:1] | 在馆 | |
| 4 | 0062675 | 202198451 | 密集书库/ [索取号:G424.1/1:1] | 在馆 | |
| 5 | 0062676 | 001670819 | 密集书库/ [索取号:G424.1/1:1] | 在馆 | |
| 6 | 0062677 | 001772004 | 密集书库/ [索取号:G424.1/1:1] | 在馆 | |
| 7 | 0062678 | 202198255 | 密集书库/ [索取号:G424.1/1:1] | 在馆 | |
| 8 | 0062680 | 001670828 | 密集书库/ [索取号:G424.1/1:1] | 在馆 | |
| 9 | 0062681 | 000882227 | 第一样本阅览室/ [索取号:G424.1/1:1] | 在馆 | |
| 10 | 0062682 | 001628162 | 密集书库/ [索取号:G424.1/1:1] | 在馆 | |
| 11 | 0446622 | 204466229 | 密集书库/ [索取号:G424.1/1:1] | 在馆 | |
| 12 | 0448905 | 204489053 | 密集书库/ [索取号:G424.1/1:1] | 在馆 | |
| 13 | 0450002 | 204500021 | 密集书库/ [索取号:G424.1/1:1] | 在馆 | |
| 14 | 0450003 | 204500030 | 密集书库/ [索取号:G424.1/1:1] | 在馆 | |
| 15 | 0450125 | 204501253 | 密集书库/ [索取号:G424.1/1:1] | 在馆 | |
| 16 | 0459137 | 204591370 | 密集书库/ [索取号:G424.1/1:1] | 在馆 | |
| 17 | 0459138 | 204591389 | 密集书库/ [索取号:G424.1/1:1] | 在馆 | |
| 18 | 0459139 | 204591398 | 密集书库/ [索取号:G424.1/1:1] | 在馆 | |
| 19 | 0459502 | 204595027 | 密集书库/ [索取号:G424.1/1:1] | 在馆 | |
| 20 | 0465537 | 204655373 | 密集书库/ [索取号:G424.1/1:1] | 在馆 | |
| 21 | 0787464 | 207874647 | 密集书库/ [索取号:G424.1/1:1] | 在馆 |